Statistics for Top 5 Portland Trail Blazers Players Per Position

Click here to take the quiz!

General Stats

  • This quiz has been taken 90 times
  • The average score is 12 of 25

Answer Stats

Position#PlayerWS% Correct
PG1Damian Lillard103.1
100%
SG1Clyde Drexler108.7
97%
PF1LaMarcus Aldridge69.4
90%
C4Bill Walton26.0
88%
SG3CJ McCollum37.7
85%
SG4Brandon Roy37.5
74%
PG2Terry Porter79.3
73%
PF2Rasheed Wallace61.3
62%
C1Arvydas Sabonis47.3
59%
PF3Buck Williams50.4
51%
PG3Damon Stoudamire37.7
51%
PF5Maurice Lucas23.6
47%
SF2Clifford Robinson46.8
46%
SF1Jerome Kersey59.0
46%
SF3Nicolas Batum37.4
44%
SG2Jim Paxson50.0
37%
PG4Rod Strickland32.7
33%
SF5Kiki Vandeweghe33.9
31%
SG5Wesley Matthews31.1
27%
C2Mychal Thompson39.9
24%
C5Dale Davis25.9
21%
PF4Sidney Wicks30.2
21%
SF4Calvin Natt34.0
10%
PG5Dave Twardzik21.8
9%
C3Tom Owens28.2
3%

Score Distribution

Percentile by Number Answered

Percent of People with Each Score

Your Score History

You have not taken this quiz